00454nam a2200085Ia 4500008004100000245002000041300023900061650001600300856005200316170517s9999 xx 000 0 und d aLife After Food aHumanity is going to continue to grow. Everybody eats and everyone needs energy and these constraints are only going to get tighter and we're going to have to improve our understanding of the body and nutrition and design something... xTechnology. uhttp://topdocumentaryfilms.com/life-after-food/